000 00523nam a22001577a 4500
003 DO-SdBNP
005 20171124130405.0
008 171124b 1984spu||||| |||| 00| 0 spa d
040 _aBPMSU
_bspa
_cBPMSU
245 _aRazas del mundo:
_bpueblos y culturas /
_ccoordinación Aurelio Martins, Sebastián Puigserver
260 _aBarcelona:
_bOceano,
_c[1984?]
300 _a455p. :
_bil., fotografías, gráficos, mapas;
_c30 cm.
700 _aPuigserver, Sebastián
942 _2ddc
_cBK
945 _aInventariado, 2017/MFF
999 _c13092
_d13092